University Home | Library Home | Institutional Repository

The life of Charles Alan Smythies, bishop of the Universities' mission to Central Africa / (Record no. 216598)

MARC details
000 -LEADER
fixed length control field 00649nam a22001697a 4500
005 - DATE AND TIME OF LATEST TRANSACTION
control field 20260414121527.0
008 - FIXED-LENGTH DATA ELEMENTS--GENERAL INFORMATION
fixed length control field 260414b |||||||| |||| 00| 0 eng d
040 ## - CATALOGING SOURCE
Original cataloging agency LC
Transcribing agency UNZA
Modifying agency UNZA
Description conventions RDA
050 ## - LIBRARY OF CONGRESS CALL NUMBER
Classification number ZAMB BV 3522
Item number WAR 1898
100 ## - MAIN ENTRY--PERSONAL NAME
Personal name Ward, Gertrude
245 ## - TITLE STATEMENT
Title The life of Charles Alan Smythies, bishop of the Universities' mission to Central Africa /
Statement of responsibility, etc. G. W.; edited by Edward Francis Russell
260 ## - PUBLICATION, DISTRIBUTION, ETC.
Place of publication, distribution, etc. London:
Name of publisher, distributor, etc. Office of the Universities' mission to Central Africa,
Date of publication, distribution, etc. 1898.
300 ## - PHYSICAL DESCRIPTION
Extent xvii, 272 pages.
650 ## - SUBJECT ADDED ENTRY--TOPICAL TERM
Topical term or geographic name entry element Smythies, Charles Alan
Chronological subdivision 1844-1894
700 ## - ADDED ENTRY--PERSONAL NAME
Personal name Russell, Edward Francis
Dates associated with a name 1844-1925
Relator term editor.
942 ## - ADDED ENTRY ELEMENTS (KOHA)
Koha item type Zambian collection
999 ## -
-- 216598
-- 216598
Holdings
Withdrawn status Lost status Source of classification or shelving scheme Damaged status Not for loan Home library Current library Shelving location Date acquired Total Checkouts Full call number Barcode Date last seen Copy number Price effective from Koha item type
    Library of Congress Classification     Main Library Main Library Special collections 04/14/2026   ZAMB BV 3522 WAR 1898 33729000122882 04/14/2026 C.1 04/14/2026 Zambian collection
© 2026 - The University of Zambia Library - Koha v25.11